Light

Bibliographic Details
Main Author: Taylor, Barbara
Format: Book
Published: London : Gloucester Press , 1992
Series:Focus On
Subjects:

MARC

LEADER 00000cam a2200000 7i4500
001 0000002702
002 000002930
005 .0
020 |a 0749610336 
090 0 0 |a J 030   |b TAY 
100 1 |a Taylor, Barbara 
245 1 0 |a Light   |c Barbara Taylor 
260 |a London :   |b Gloucester Press ,   |c 1992 
300 |a 32p. :   |b ill ;   |c 28cm. 
490 0 |a Focus On 
650 0 0 |a Light   |x Juvenile literature 
999 |a 036174   |b BUKU   |c JUNIOR REFERENCE   |e PERPUSTAKAAN KOMUNITI PETALING JAYA